Κατάλογος Βιβλιοθηκών Mediterranean College

Supporting Vulnerable Children in the Early Years / Practical Guidance and Strategies for Working with Children at Risk (Record no. 3193)

MARC details
000 -LEADER
fixed length control field 01339cam a22002054a 4500
005 - ΗΜΕΡΟΜΗΝΙΑ ΚΑΙ ΩΡΑ ΤΕΛΕΥΤΑΙΑΣ ΕΝΗΜΕΡΩΣΗΣ
Πεδίο ελέγχου 20250605164108.0
008 - FIXED-LENGTH DATA ELEMENTS--GENERAL INFORMATION
Πεδίο ελέγχου σταθερού μήκους 250528s ||||||||||||||||||||||||d
035 ## - SYSTEM CONTROL NUMBER
System control number 17793
020 ## - ISBN
ISBN 9781785922374
040 ## - ΠΗΓΗ ΚΑΤΑΛΟΓΟΓΡΑΦΗΣΗΣ
Φορέας πρωτότυπης καταλογογράφησης MC Athens Campus Library
Γλώσσα καταλογογράφησης Ελληνικά, Μοντέρνα (1453-)
Modifying agency MC Athens Campus Library
Κανόνες περιγραφικής καταλογογράφησης AACR2
245 1# - ΤΙΤΛΟΣ ΚΑΙ ΔΗΛΩΣΗ ΥΠΕΥΘΥΝΟΤΗΤΑΣ
Τίτλος Supporting Vulnerable Children in the Early Years / Practical Guidance and Strategies for Working with Children at Risk
260 ## - PUBLICATION, DISTRIBUTION, ETC.
Name of publisher, distributor, etc. Jessica Kingsley Publishers,
Date of publication, distribution, etc. 2019
300 ## - PHYSICAL DESCRIPTION
Extent 272
520 ## - SUMMARY, ETC.
Summary, etc. This book provides practical guidance for early years practitioners working with vulnerable children. Foreword, Acknowledgements, Introduction, The Contemporary Environment, To the Stars, Inside an Early Years Rural Setting, Vulnerable Groups, Children at Risk of Being Missed, Poverty and Language in the Classroom, Children in a Diverse Society, Looked-After Children or Those in Care, Supporting the Child, Safeguarding, Early Years Interventions, The Quest to Determine a Child's Understanding, A Positive Process, Health and Wellbeing, Interminable Transition in the Early Years, Child and Family and Community, Concluding Thoughts, Appendix: A List of Written Feedback Strategies and Approaches Used in Primary Schools, Contributors, Index.
700 1# - ΠΡΟΣΘΕΤΗ ΑΝΑΓΡΑΦΗ--ΦΥΣΙΚΟ ΠΡΟΣΩΠΟ
Personal name Atkin Chris
9 (RLIN) 4044
700 1# - ΠΡΟΣΘΕΤΗ ΑΝΑΓΡΑΦΗ--ΦΥΣΙΚΟ ΠΡΟΣΩΠΟ
Personal name Beckley Pat
9 (RLIN) 4045
942 ## - ADDED ENTRY ELEMENTS (KOHA)
Koha item type Books
Holdings
Τύπος τεκμηρίου Βιβλιοθήκη Τρέχουσα τοποθεσία Barcode Αριθμός εισαγωγής Ημερομηνία απόκτησης Ταξιθετικό σύμβολο Αριθμός αντιτύπου Κατάσταση απόσυρσης Κατάσταση χαμένου Κατάσταση κατεστραμμένου Μη δανεισμός Σύνολο δανεισμών Ημερομηνία τελευταίας εμφάνισης Η τιμή ισχύει από
Books MC Athens Campus Library MC Athens Campus Library 9780000031921 7182 05/06/2025 372.21 BEC 1           05/06/2025 05/06/2025

MC Athens Campus Library
Πατησίων 94 & Κοδριγκτώνος 13, 104 34
Πελλήνης 8 & Πατησίων 107, 112 51
Τ: +30 210 8899600

MC Thessaloniki Campus Library
Ίωνος Δραγούμη 21, 54625 | Ίωνος Δραγούμη 15, 54625
Τ: +30 2310 287779 – Τ: +30 2314 440300